একাত্তরের ঘাতক জামাতে ইসলামীর অতীত ও বর্তমান / (Record no. 10612)

MARC details
000 -LEADER
fixed length control field 00762nam a22001817a 4500
001 - CONTROL NUMBER
control field BD-DhSAU 10612
003 - CONTROL NUMBER IDENTIFIER
control field BD-DhSAU
005 - DATE AND TIME OF LATEST TRANSACTION
control field 20150702104802.0
008 - FIXED-LENGTH DATA ELEMENTS--GENERAL INFORMATION
fixed length control field 150702b1989 bg ||||r|||| 000 0 ben d
040 ## - CATALOGING SOURCE
Original cataloging agency BD-DhSAU
082 ## - DEWEY DECIMAL CLASSIFICATION NUMBER
Edition number 22
Classification number ------
Item number একাত্ত
245 ## - TITLE STATEMENT
Title একাত্তরের ঘাতক জামাতে ইসলামীর অতীত ও বর্তমান /
Statement of responsibility, etc. সম্পাদনাঃ শাহরিয়ার কবির
260 ## - PUBLICATION, DISTRIBUTION, ETC. (IMPRINT)
Place of publication, distribution, etc. ঢাকা :
Name of publisher, distributor, etc. মুক্তিযুদ্ধ চেতনা বিকাশ কেন্দ্র,
Date of publication, distribution, etc. ১৯৮৯.
300 ## - PHYSICAL DESCRIPTION
Extent ২৩২ পৃ. :
Dimensions ২১ সেমি
590 ## - Name of Cataloguer
Name of Cataloger joy
650 ## - SUBJECT ADDED ENTRY--TOPICAL TERM
Topical term or geographic name as entry element একাত্তরের ঘাতক
942 ## - ADDED ENTRY ELEMENTS (KOHA)
Source of classification or shelving scheme Dewey Decimal Classification
Koha item type Book
Holdings
Withdrawn status Lost status Source of classification or shelving scheme Damaged status Not for loan Collection code Home library Branch Name Shelving location Date acquired Total Checkouts Full call number Barcode Date last seen Price effective from Koha item type
    Dewey Decimal Classification   Not For Loan Fiction SAU Library SAU Library Reference 02/07/2015   ------ একাত্ত 22942 02/07/2015 02/07/2015 Book
    Dewey Decimal Classification   Not For Loan Fiction SAU Library SAU Library Reference 03/07/2015   ------ একাত্ত 22941 03/07/2015 03/07/2015 Book